000 00439nam a2200205Ia 4500
001 12596
003 GE_BSU
008 181216s||||||||xx |||||||||||||| ||und||
020 _a9781409119951
040 _cGE_BSU
080 _a821.111-32
100 _aHenry,Veronica.
245 4 _aThe beach hit.
260 _aLondon.
260 _bOrion books.
260 _c2010
300 _a400p;18cm.
653 _aThe beach hit.
942 _cBK
999 _c45769
_d45769